Carnal Crimes Sexual Assault Law in Canada, 1900-1975 /

Bibliographic Details
Main Author: Backhouse, Constance
Format: eBook
Language:English
Published: Toronto: Irwin Law Inc., 2009
Subjects:
Online Access:Acceso restringido

MARC

LEADER 00000nam a22000007a 4500
005 20210805114923.0
007 cr|||| ||||
008 210805s2009 ca |||||s|||| 00||0 eng d
020 |a 9781552212578 
035 |a 34896 
040 |a vLex 
090 |c 11919  |d 11919 
100 1 |a Backhouse, Constance 
245 1 0 |a Carnal Crimes  |h [Recurso electrn̤ico] :  |b Sexual Assault Law in Canada, 1900-1975 /  |c Constance Backhouse 
256 |a Servicio en ln̕ea 
260 |a Toronto:  |b Irwin Law Inc.,  |c 2009 
300 |a 1 recurso electrn̤ico 
500 |a Winner of the 2009 Canadian Law and Society Association Book Prize. Carnal Crimes: Sexual Assault Law in Canada, 1900-1975 is an engaging and powerful book about sexual assault crimes in Canadian history by one of Canada’s foremost legal historians. Using a case-study approach, Constance Backhouse explores nine sexual assault trials from across the country throughout the twentieth century. We move from small towns to large cities, from the Maritimes to the Northwest Territories, from the suffrage era to the period of the women’s liberation movement. Each of these richly-textured vignettes offers insight into the failure of the criminal justice system to protect women from sexual assault, and each is highly readable and provocative. The most moving chapters document the law’s refusal to accommodate a woman who could only give evidence in sign language, and the heartbreak of a child rape trial. Backhouse deals sensitively and deftly with these difficult stories. This book is the best kind of legal history—a vivid exploration of the past which also gives us the tools to assess the efficacy (or in this case lack of efficacy) of the legal system. Published for the Osgoode Society for Legal History. 
506 1 |a Disponible solo en los productos indicados  |d vLex Global  |d vLex Global (Academic Edition, excluding Law Schools)  |d vLex Global (U.S. Academic Edition, Law Schools)  |d vLex Global (U.S. Academic Edition, excluding Law Schools)  |d vLex Global (Academic Edition, Law Schools) 
650 0 4 |a Derecho Militar  |z Canad̀ 
740 0 |a vLex Libros (Servicio en ln̕ea) 
856 4 0 |u https://app.vlex.com/#/sources/34896  |z Acceso restringido 
942 |c BOOK 
999 0 |a Military Law